Stříbrný poník

Saved in:
Bibliographic Details
Main Author Webbová, Holly
Other Authors James Brown
Format Electronic eBook
LanguageCzech
Published Bambook 2026
Edition1. elektronické vydání
Subjects
Online AccessDostupné v BOOKPORT po přihlášení pomocí eduID
ISBN978-80-271-6512-4
978-80-271-5635-1
Physical Description1 online zdroj (192 stran)

Cover

LEADER 00000nam a2200000 i 4500
001 bkp14728
003 CZ-prgp
005 20260522152953.0
006 m o d
007 cr cn
008 260522s2026 xr o 000 0 cze
020 |a 978-80-271-6512-4  |c 229 Kč  |q (online ; pdf) 
020 |a 978-80-271-5635-1  |c 269 Kč  |q (print) 
040 |a Grada  |b cze  |e rda 
100 1 |a Webbová, Holly 
245 1 0 |a Stříbrný poník  |c Holly Webbová, James Brown 
250 |a 1. elektronické vydání 
264 1 |b Bambook  |c 2026 
300 |a 1 online zdroj (192 stran) 
336 |a text  |b txt  |2 rdacontent 
337 |a počítač  |b c  |2 rdamedia 
338 |a online zdroj  |b cr  |2 rdacarrier 
520 3 |a Daisy se poprvé netěší na prázdniny, protože její nejlepší kamarádka Mara leží v nemocnici. Při procházce objeví divoké poníky a zaujme ji jeden stříbřitě bílý. Když ho chodí pozorovat, potká spolužáka Jacka, který se o něj stará. Najde v něm nového kamaráda? 
650 0 4 |a Příběhy, deníky 
700 1 |a James Brown 
856 4 0 |u https://www.bookport.cz/AccountSaml/SignIn/?idp=https://shibboleth.utb.cz/idp/shibboleth&returnUrl=/kniha/stribrny-ponik-16116/  |y Dostupné v BOOKPORT po přihlášení pomocí eduID